[Event "Kupreichik Memorial Rapid 2019"]
[Site "Minsk"]
[Date "2019.08.16"]
[Round "6.9"]
[White "Mikhailovsky, Vladimir"]
[Black "Lazavik, Denis"]
[Result "1/2-1/2"]
[WhiteElo "2209"]
[BlackElo "2347"]
[Annotator "NA"]
[PlyCount "163"]
[EventDate "2019.08.15"]
[EventType "swiss"]
[EventCountry "BLR"]
[SourceTitle "playchess.com"]
[Source "ChessBase"]
[SourceQuality "1"]
[TimeControl "900+10"]

1. e4 {[%emt 0:00:00]} e5 {[%emt 0:00:00]} 2. Nf3 {[%emt 0:00:00]} Nc6 {[%emt 0:00:00]} 3. Nc3 {[%emt 0:00:16]} Nf6 {[%emt 0:00:00]} 4. Bb5 {[%emt 0:03:37]} Bb4 {[%emt 0:00:02]} 5. O-O {[%emt 0:00:03]} O-O {[%emt 0:00:03]} 6. d3 {[%emt 0:00:02]} d6 {[%emt 0:00:03]} 7. Bxc6 {[%emt 0:00:05]} bxc6 {[%emt 0:00:06]} 8. Ne2 {[%emt 0:00:02]} h6 {[%emt 0:00:37]} 9. Ng3 {[%emt 0:00:07]} Bc5 {[%emt 0:00:28]} 10. Qe2 {[%emt 0:00:12]} Bb6 {[%emt 0:01:26]} 11. h3 {[%emt 0:01:30]} Nh7 {[%emt 0:00:34]} 12. a4 {[%emt 0:00:42]} a5 {[%emt 0:00:21]} 13. Nf5 {[%emt 0:00:29]} Bxf5 {[%emt 0:00:20]} 14. exf5 {[%emt 0:00:04]} Qd7 {[%emt 0:00:02]} 15. g4 {[%emt 0:00:20]} Rae8 {[%emt 0:00:08]} 16. Kg2 {[%emt 0:00:33]} d5 {[%emt 0:00:20]} 17. Nd2 {[%emt 0:02:31]} Kh8 {[%emt 0:00:49]} 18. Nb3 {[%emt 0:00:17]} c5 {[%emt 0:00:48]} 19. Bd2 {[%emt 0:00:48]} e4 {[%emt 0:01:28]} 20. Nxa5 {[%emt 0:01:09]} Ra8 {[%emt 0:00:32]} 21. Nb3 {[%emt 0:01:51]} exd3 {[%emt 0:00:12]} 22. cxd3 {[%emt 0:00:05]} Rxa4 {[%emt 0:00:07]} 23. Qf3 {[%emt 0:00:29]} Rxa1 {[%emt 0:00:43]} 24. Rxa1 {[%emt 0:00:02]} c4 {[%emt 0:00:11]} 25. Nc1 {[%emt 0:00:38]} Bd4 {[%emt 0:00:04]} 26. Ra5 {[%emt 0:00:44]} Nf6 {[%emt 0:00:41]} 27. dxc4 {[%emt 0:00:18]} dxc4 {[%emt 0:00:15]} 28. Bc3 {[%emt 0:00:09]} Bxc3 {[%emt 0:00:11]} 29. bxc3 {[%emt 0:00:01]} Re8 {[%emt 0:00:21]} 30. Ne2 {[%emt 0:00:37]} Qd3 {[%emt 0:00:47]} 31. Nf4 {[%emt 0:01:29]} Qd6 {[%emt 0:01:43]} 32. Nd5 {[%emt 0:00:44]} Ne4 {[%emt 0:00:12]} 33. Ne3 {[%emt 0:00:16]} Qd3 {[%emt 0:00:50]} 34. Nd5 {[%emt 0:00:17]} c6 {[%emt 0:01:55]} 35. Nb4 {[%emt 0:00:04]} Qxf3+ {[%emt 0:00:05]} 36. Kxf3 {[%emt 0:00:01]} Nxc3 {[%emt 0:00:02]} 37. Rc5 {[%emt 0:00:10]} Ne4 {[%emt 0:00:14]} 38. Rxc6 {[%emt 0:00:01]} Nd2+ {[%emt 0:00:19]} 39. Kg3 {[%emt 0:00:24]} Rd8 {[%emt 0:01:49]} 40. Rc7 {[%emt 0:00:10]} Ne4+ {[%emt 0:00:38]} 41. Kf3 {[%emt 0:00:05]} Ng5+ {[%emt 0:00:13]} 42. Kg2 {[%emt 0:00:03]} Rd4 {[%emt 0:00:27]} 43. Nc6 {[%emt 0:00:19]} Rd2 {[%emt 0:00:29]} 44. Ne5 {[%emt 0:00:10]} c3 {[%emt 0:01:11]} 45. Rc8+ {[%emt 0:00:14]} Kh7 {[%emt 0:00:01]} 46. h4 {[%emt 0:00:09]} Ne4 {[%emt 0:00:19]} 47. Kf3 {[%emt 0:00:18]} Nd6 {[%emt 0:00:19]} 48. Rxc3 {[%emt 0:00:02]} Rd5 {[%emt 0:00:02]} 49. Nc6 {[%emt 0:00:17]} h5 {[%emt 0:00:01]} 50. Ne7 {[%emt 0:00:11]} hxg4+ {[%emt 0:00:09]} 51. Kxg4 {[%emt 0:00:02]} Re5 {[%emt 0:00:17]} 52. Re3 {[%emt 0:00:04]} Re4+ {[%emt 0:00:12]} 53. Rxe4 Nxe4 {[%emt 0:00:02]} 54. f3 {[%emt 0:00:32]} Nf6+ {[%emt 0:00:10]} 55. Kg5 {[%emt 0:00:01]} Nd7 {[%emt 0:00:11]} 56. Nc6 {[%emt 0:00:06]} f6+ {[%emt 0:00:16]} 57. Kh5 {[%emt 0:00:15]} Nc5 {[%emt 0:00:02]} 58. Nd4 {[%emt 0:00:09]} Nd3 {[%emt 0:00:12]} 59. Ne6 {[%emt 0:00:11]} Ne5 {[%emt 0:00:06]} 60. f4 {[%emt 0:00:08]} Nd7 {[%emt 0:00:08]} 61. Kg4 {[%emt 0:00:07]} Nb6 {[%emt 0:00:01]} 62. Kf3 {[%emt 0:00:14]} Nd5 {[%emt 0:00:04]} 63. Ke4 {[%emt 0:00:04]} Ne7 {[%emt 0:00:01]} 64. Nf8+ {[%emt 0:00:21]} Kh6 {[%emt 0:00:03]} 65. Ne6 {[%emt 0:00:01]} Kh7 {[%emt 0:00:02]} 66. Nc7 {[%emt 0:00:19]} Kh6 {[%emt 0:00:17]} 67. Ne8 {[%emt 0:00:02]} Kh7 {[%emt 0:00:10]} 68. Nd6 {[%emt 0:00:06]} Kh6 {[%emt 0:00:02]} 69. Ne8 {[%emt 0:00:01]} Kh7 {[%emt 0:00:01]} 70. Nd6 {[%emt 0:00:23]} Kh6 {[%emt 0:00:01]} 71. Kf3 {[%emt 0:00:01]} Kh5 {[%emt 0:00:23]} 72. Kg3 {[%emt 0:00:14]} Kh6 {[%emt 0:00:05]} 73. Kg4 {[%emt 0:00:02]} Nd5 {[%emt 0:00:05]} 74. Kf3 {[%emt 0:00:26]} Ne7 {[%emt 0:00:03]} 75. Kg4 {[%emt 0:00:05]} Nd5 {[%emt 0:00:02]} 76. Nf7+ {[%emt 0:00:10]} Kh7 {[%emt 0:00:01]} 77. Kf3 {[%emt 0:00:16]} Ne7 {[%emt 0:00:01]} 78. Ke4 {[%emt 0:00:02]} Kg8 {[%emt 0:00:01]} 79. Nd6 {[%emt 0:00:25]} Kh7 {[%emt 0:00:02]} 80. Nf7 {[%emt 0:00:12]} Kg8 {[%emt 0:00:01]} 81. Nd8 {[%emt 0:00:07]} Kh7 {[%emt 0:00:02]} 82. Nf7 {[%emt 0:00:16]} 1/2-1/2

[Event "Kupreichik Memorial Rapid 2019"]
[Site "Minsk"]
[Date "2019.08.16"]
[Round "6.10"]
[White "Zarubitski, Viachaslau"]
[Black "Barskij, Vladimir"]
[Result "1-0"]
[WhiteElo "2426"]
[BlackElo "2389"]
[Annotator "NA"]
[PlyCount "73"]
[EventDate "2019.08.15"]
[EventType "swiss"]
[EventCountry "BLR"]
[SourceTitle "playchess.com"]
[Source "ChessBase"]
[SourceQuality "1"]
[TimeControl "900+10"]

1. e4 {[%emt 0:00:00]} c5 {[%emt 0:00:00]} 2. Nf3 {[%emt 0:00:00]} e6 3. d4 cxd4 {[%emt 0:00:00]} 4. Nxd4 {[%emt 0:00:00]} Nf6 5. Nc3 d6 {[%emt 0:00:00]} 6. g4 {[%emt 0:00:00]} h6 {[%emt 0:00:00]} 7. h4 {[%emt 0:00:01]} Nc6 {[%emt 0:00:00]} 8. Rg1 {[%emt 0:00:03]} h5 {[%emt 0:00:00]} 9. gxh5 {[%emt 0:00:06]} Nxh5 {[%emt 0:00:05]} 10. Bg5 {[%emt 0:00:04]} Nf6 {[%emt 0:00:03]} 11. Qd2 {[%emt 0:00:05]} Qb6 {[%emt 0:00:10]} 12. Nb3 {[%emt 0:00:04]} a6 {[%emt 0:00:06]} 13. O-O-O {[%emt 0:00:19]} Qc7 {[%emt 0:00:03]} 14. Kb1 {[%emt 0:00:39]} Bd7 {[%emt 0:00:02]} 15. Be2 {[%emt 0:00:37]} O-O-O {[%emt 0:01:29]} 16. h5 {[%emt 0:02:41]} Be7 {[%emt 0:01:25]} 17. Be3 {[%emt 0:00:08]} Ne5 {[%emt 0:01:26]} 18. f4 {[%emt 0:01:35]} Nc4 {[%emt 0:00:02]} 19. Bxc4 {[%emt 0:00:01]} Qxc4 {[%emt 0:00:02]} 20. Rxg7 {[%emt 0:00:12]} Be8 {[%emt 0:00:49]} 21. Bb6 {[%emt 0:01:59]} Rd7 {[%emt 0:00:58]} 22. Qe3 {[%emt 0:00:55]} Bd8 {[%emt 0:02:02]} 23. Bxd8 {[%emt 0:00:36]} Rxd8 {[%emt 0:00:01]} 24. e5 {[%emt 0:04:58]} Nxh5 {[%emt 0:00:34]} 25. Rg5 {[%emt 0:01:16]} Qxf4 {[%emt 0:00:34]} 26. Qb6 {[%emt 0:00:52]} Bc6 {[%emt 0:04:37]} 27. exd6 {[%emt 0:00:28]} Rxd6 {[%emt 0:00:15]} 28. Rxd6 {[%emt 0:00:01]} Qxd6 {[%emt 0:00:13]} 29. a4 {[%emt 0:01:11]} Nf6 {[%emt 0:00:16]} 30. Qf2 {[%emt 0:00:22]} Rh1+ {[%emt 0:01:57]} 31. Ka2 {[%emt 0:00:00]} Rh6 {[%emt 0:00:15]} 32. Na5 {[%emt 0:00:33]} Nd5 {[%emt 0:02:24]} 33. Qxf7 {[%emt 0:00:23]} Nxc3+ {[%emt 0:00:24]} 34. bxc3 {[%emt 0:00:01]} Kb8 {[%emt 0:00:07]} 35. Nxc6+ {[%emt 0:00:11]} Qxc6 {[%emt 0:00:07]} 36. Rg8+ {[%emt 0:00:16]} Ka7 {[%emt 0:00:02]} 37. Qf2+ {[%emt 0:00:01]} 1-0

[Event "Kupreichik Memorial Rapid 2019"]
[Site "Minsk"]
[Date "2019.08.16"]
[Round "6.11"]
[White "Paravyan, David"]
[Black "Kalinin, Dmitry"]
[Result "1-0"]
[WhiteElo "2605"]
[BlackElo "2119"]
[Annotator "ChessBase"]
[PlyCount "123"]
[EventDate "2019.08.15"]
[EventType "swiss"]
[EventCountry "BLR"]
[SourceTitle "playchess.com"]
[Source "ChessBase"]
[SourceQuality "1"]
[TimeControl "900+10"]

1. e4 {[%emt 0:00:00]} e6 {[%emt 0:00:00]} 2. d4 {[%emt 0:00:00]} d5 {[%emt 0:00:00]} 3. Nc3 {[%emt 0:00:03]} dxe4 {[%emt 0:00:00]} 4. Nxe4 {[%emt 0:00:02]} Nd7 {[%emt 0:00:00]} 5. c3 {[%emt 0:00:02]} Ngf6 {[%emt 0:00:00]} 6. Bd3 {[%emt 0:00:01]} Nxe4 {[%emt 0:00:06]} 7. Bxe4 {[%emt 0:00:01]} Nf6 {[%emt 0:00:02]} 8. Bc2 {[%emt 0:00:01]} c5 {[%emt 0:00:42]} 9. Nf3 {[%emt 0:00:02]} cxd4 {[%emt 0:00:44]} 10. Nxd4 {[%emt 0:00:02]} Be7 {[%emt 0:00:07]} 11. O-O {[%emt 0:00:04]} O-O {[%emt 0:00:32]} 12. Re1 {[%emt 0:00:03]} Qc7 {[%emt 0:00:50]} 13. Qf3 {[%emt 0:00:01]} Rd8 {[%emt 0:00:36]} 14. Bf4 {[%emt 0:00:09]} Qb6 {[%emt 0:00:23]} 15. Bb3 {[%emt 0:00:01]} Bd7 {[%emt 0:00:37]} 16. Nf5 {[%emt 0:00:24]} Bf8 {[%emt 0:03:42]} 17. Nh6+ {[%emt 0:00:08]} gxh6 {[%emt 0:00:29]} 18. Be3 {[%emt 0:00:01]} Qa5 {[%emt 0:00:53]} 19. Qxf6 {[%emt 0:00:05]} Bg7 {[%emt 0:00:36]} 20. Qh4 {[%emt 0:00:02]} Qf5 {[%emt 0:01:20]} 21. Rad1 {[%emt 0:00:29]} Bf6 {[%emt 0:00:23]} 22. Qf4 {[%emt 0:01:03]} Qxf4 {[%emt 0:01:55]} 23. Bxf4 {[%emt 0:00:01]} Bc6 {[%emt 0:00:21]} 24. Bxh6 {[%emt 0:00:04]} Bg7 {[%emt 0:01:09]} 25. Be3 {[%emt 0:00:18]} Re8 {[%emt 0:01:05]} 26. f4 {[%emt 0:00:35]} Bf6 {[%emt 0:00:14]} 27. Bd4 {[%emt 0:00:03]} Kg7 {[%emt 0:00:04]} 28. Re3 {[%emt 0:00:02]} Bxd4 {[%emt 0:00:11]} 29. Rxd4 {[%emt 0:00:01]} Kf6 {[%emt 0:00:01]} 30. Rh3 {[%emt 0:00:10]} Rg8 {[%emt 0:00:11]} 31. g3 {[%emt 0:00:05]} Rg7 {[%emt 0:00:05]} 32. Rh6+ {[%emt 0:00:04]} Ke7 {[%emt 0:00:17]} 33. Kf2 {[%emt 0:00:03]} Rh8 {[%emt 0:01:21]} 34. Bc2 {[%emt 0:00:27]} f5 {[%emt 0:00:03]} 35. Bb3 {[%emt 0:00:03]} Rg6 {[%emt 0:00:02]} 36. Rh5 {[%emt 0:02:23]} h6 {[%emt 0:00:09]} 37. a4 {[%emt 0:00:13]} Rc8 {[%emt 0:00:31]} 38. Bc2 {[%emt 0:00:11]} Rf6 {[%emt 0:00:08]} 39. Rh4 {[%emt 0:00:21]} Rg8 {[%emt 0:00:10]} 40. Ke3 {[%emt 0:00:38]} Rc8 {[%emt 0:00:28]} 41. a5 {[%emt 0:00:19]} Bd5 {[%emt 0:00:09]} 42. Kd2 {[%emt 0:00:39]} Rc5 {[%emt 0:00:14]} 43. b4 {[%emt 0:00:03]} Rc8 {[%emt 0:00:01]} 44. g4 {[%emt 0:00:08]} fxg4 {[%emt 0:00:20]} 45. Rxg4 {[%emt 0:00:01]} Bc6 {[%emt 0:00:23]} 46. Bd3 {[%emt 0:00:35]} a6 {[%emt 0:00:05]} 47. c4 {[%emt 0:00:28]} Rcf8 {[%emt 0:00:26]} 48. Ke3 {[%emt 0:00:14]} h5 {[%emt 0:00:25]} 49. Rg5 {[%emt 0:00:09]} h4 {[%emt 0:00:11]} 50. Rh5 {[%emt 0:00:27]} Rg8 {[%emt 0:00:16]} 51. Rxh4 {[%emt 0:00:57]} e5 {[%emt 0:00:13]} 52. Rh7+ {[%emt 0:00:20]} Ke8 {[%emt 0:00:00]} 53. fxe5 {[%emt 0:00:01]} Rf3+ {[%emt 0:00:03]} 54. Kd2 {[%emt 0:00:01]} Rg2+ {[%emt 0:00:01]} 55. Kc3 {[%emt 0:00:06]} Ba4 {[%emt 0:00:01]} 56. b5 {[%emt 0:01:09]} axb5 {[%emt 0:00:01]} 57. cxb5 {[%emt 0:01:08]} Bxb5 {[%emt 0:00:34]} 58. Rxb7 {[%emt 0:00:06]} Ba4 {[%emt 0:00:29]} 59. Rb8+ {[%emt 0:00:11]} Ke7 {[%emt 0:00:02]} 60. Rxa4 {[%emt 0:00:01]} Rxh2 {[%emt 0:00:12]} 61. a6 {[%emt 0:00:17]} Rhh3 {[%emt 0:00:14]} 62. Rd4 {[%emt 0:00:01]} 1-0

[Event "Kupreichik Memorial Rapid 2019"]
[Site "Minsk"]
[Date "2019.08.16"]
[Round "6.12"]
[White "Teterev, Vitaly"]
[Black "Kharin, Mikhail"]
[Result "1-0"]
[WhiteElo "2474"]
[BlackElo "2156"]
[Annotator "ChessBase"]
[PlyCount "85"]
[EventDate "2019.08.15"]
[EventType "swiss"]
[EventCountry "BLR"]
[SourceTitle "playchess.com"]
[Source "ChessBase"]
[SourceQuality "1"]
[TimeControl "900+10"]

1. e4 {[%emt 0:00:00]} e5 {[%emt 0:00:00]} 2. Nf3 {[%emt 0:00:00]} Nf6 {[%emt 0:00:00]} 3. d3 {[%emt 0:00:06]} Nc6 {[%emt 0:00:09]} 4. c3 {[%emt 0:00:11]} d5 {[%emt 0:00:10]} 5. Nbd2 {[%emt 0:00:03]} Be7 {[%emt 0:01:13]} 6. Be2 {[%emt 0:00:05]} O-O {[%emt 0:00:02]} 7. O-O {[%emt 0:00:35]} Re8 {[%emt 0:00:22]} 8. b4 {[%emt 0:00:06]} a6 {[%emt 0:01:00]} 9. Bb2 {[%emt 0:00:32]} h6 {[%emt 0:02:29]} 10. Re1 {[%emt 0:00:10]} Be6 {[%emt 0:00:16]} 11. Bf1 {[%emt 0:00:16]} dxe4 {[%emt 0:01:59]} 12. dxe4 {[%emt 0:00:03]} Bf8 {[%emt 0:00:18]} 13. a4 {[%emt 0:00:15]} Bg4 {[%emt 0:00:40]} 14. Qc2 {[%emt 0:00:31]} Qe7 {[%emt 0:01:09]} 15. h3 {[%emt 0:00:16]} Bh5 {[%emt 0:00:16]} 16. Nh4 {[%emt 0:00:15]} Nd7 {[%emt 0:00:43]} 17. Nf5 {[%emt 0:00:20]} Qf6 {[%emt 0:00:07]} 18. Nc4 {[%emt 0:00:30]} Bg6 {[%emt 0:00:12]} 19. Nce3 {[%emt 0:00:28]} Ne7 {[%emt 0:00:20]} 20. Rad1 {[%emt 0:01:46]} Rad8 {[%emt 0:00:22]} 21. Nxe7+ {[%emt 0:01:30]} Qxe7 {[%emt 0:01:10]} 22. a5 {[%emt 0:01:29]} Nf6 {[%emt 0:00:13]} 23. f3 {[%emt 0:00:33]} Rxd1 {[%emt 0:00:04]} 24. Rxd1 {[%emt 0:00:06]} Rd8 {[%emt 0:00:04]} 25. Bc1 {[%emt 0:01:20]} Rxd1 {[%emt 0:00:25]} 26. Qxd1 {[%emt 0:00:01]} Qd6 {[%emt 0:00:02]} 27. Qb3 {[%emt 0:00:29]} c6 {[%emt 0:00:48]} 28. Nc4 {[%emt 0:00:45]} Qe6 {[%emt 0:00:15]} 29. Qb2 {[%emt 0:00:57]} Be7 {[%emt 0:01:11]} 30. Qf2 {[%emt 0:00:11]} c5 {[%emt 0:01:52]} 31. bxc5 {[%emt 0:00:06]} Nd7 {[%emt 0:00:02]} 32. Ba3 {[%emt 0:01:20]} Qc6 {[%emt 0:00:11]} 33. Nd6 {[%emt 0:00:16]} Kh7 {[%emt 0:00:41]} 34. Bb4 {[%emt 0:00:46]} f6 {[%emt 0:00:19]} 35. Kh2 {[%emt 0:01:00]} Qc7 {[%emt 0:00:24]} 36. Qe3 {[%emt 0:00:28]} Nb8 {[%emt 0:00:15]} 37. Qd3 {[%emt 0:00:22]} Nc6 {[%emt 0:00:18]} 38. Qd5 {[%emt 0:00:09]} Bxd6 {[%emt 0:01:04]} 39. cxd6 {[%emt 0:00:05]} Qd7 {[%emt 0:00:05]} 40. Bc4 {[%emt 0:00:08]} Be8 {[%emt 0:00:02]} 41. Qg8+ {[%emt 0:00:21]} Kg6 {[%emt 0:00:01]} 42. Be6 {[%emt 0:00:10]} Bf7 {[%emt 0:00:32]} 43. Bf5+ {[%emt 0:00:03]} 1-0

[Event "Kupreichik Memorial Rapid 2019"]
[Site "Minsk"]
[Date "2019.08.16"]
[Round "6.13"]
[White "Siniauski, Artsiom"]
[Black "Balashov, Yuri S"]
[Result "1/2-1/2"]
[WhiteElo "2142"]
[BlackElo "2474"]
[Annotator "ChessBase"]
[PlyCount "154"]
[EventDate "2019.08.15"]
[EventType "swiss"]
[EventCountry "BLR"]
[SourceTitle "playchess.com"]
[Source "ChessBase"]
[SourceQuality "1"]
[TimeControl "900+10"]

1. e4 {[%emt 0:00:00]} e5 {[%emt 0:00:00]} 2. Nf3 {[%emt 0:00:00]} Nc6 {[%emt 0:00:00]} 3. Bb5 {[%emt 0:00:00]} a6 {[%emt 0:00:00]} 4. Ba4 {[%emt 0:00:02]} Nf6 {[%emt 0:00:00]} 5. O-O {[%emt 0:00:06]} Be7 {[%emt 0:00:00]} 6. Re1 {[%emt 0:00:04]} b5 {[%emt 0:00:01]} 7. Bb3 {[%emt 0:00:02]} O-O {[%emt 0:00:03]} 8. h3 {[%emt 0:00:04]} d6 {[%emt 0:00:05]} 9. c3 {[%emt 0:00:03]} Nb8 {[%emt 0:00:03]} 10. d4 {[%emt 0:00:04]} Nbd7 {[%emt 0:00:02]} 11. Nbd2 {[%emt 0:00:12]} c5 {[%emt 0:00:02]} 12. Bc2 {[%emt 0:00:16]} Re8 {[%emt 0:00:16]} 13. b3 {[%emt 0:00:14]} Bf8 {[%emt 0:00:04]} 14. Bb2 {[%emt 0:00:08]} Bb7 {[%emt 0:00:48]} 15. a4 {[%emt 0:00:10]} cxd4 {[%emt 0:01:44]} 16. cxd4 {[%emt 0:00:08]} bxa4 {[%emt 0:00:17]} 17. bxa4 {[%emt 0:00:20]} exd4 {[%emt 0:00:05]} 18. Bxd4 {[%emt 0:01:23]} Nc5 {[%emt 0:00:16]} 19. Bxc5 {[%emt 0:00:27]} dxc5 {[%emt 0:00:03]} 20. e5 {[%emt 0:00:03]} Nd5 {[%emt 0:00:22]} 21. Bxh7+ {[%emt 0:00:36]} Kxh7 {[%emt 0:00:02]} 22. Qb1+ {[%emt 0:00:01]} Kg8 {[%emt 0:00:10]} 23. Qxb7 {[%emt 0:00:04]} Re6 {[%emt 0:01:24]} 24. Qb1 {[%emt 0:00:53]} Rb8 {[%emt 0:00:07]} 25. Qe4 {[%emt 0:00:12]} Rb4 {[%emt 0:00:05]} 26. Qd3 {[%emt 0:00:17]} Rg6 {[%emt 0:01:01]} 27. g3 {[%emt 0:00:56]} Be7 {[%emt 0:00:20]} 28. Re4 {[%emt 0:01:11]} Qd7 {[%emt 0:00:42]} 29. Nc4 {[%emt 0:02:52]} Nb6 {[%emt 0:01:20]} 30. Qxd7 {[%emt 0:00:29]} Nxd7 {[%emt 0:00:02]} 31. Nfd2 {[%emt 0:00:17]} f6 {[%emt 0:00:48]} 32. exf6 {[%emt 0:00:44]} Bxf6 {[%emt 0:00:02]} 33. Re8+ {[%emt 0:00:25]} Kh7 {[%emt 0:00:02]} 34. Ra3 {[%emt 0:00:24]} Bd4 {[%emt 0:00:12]} 35. Kg2 {[%emt 0:00:21]} Nf6 {[%emt 0:01:12]} 36. Re6 {[%emt 0:00:18]} Nd5 {[%emt 0:00:07]} 37. Rxg6 {[%emt 0:00:24]} Kxg6 {[%emt 0:00:01]} 38. Kf3 {[%emt 0:00:20]} Nc3 {[%emt 0:00:12]} 39. a5 {[%emt 0:00:14]} Nd1 {[%emt 0:01:29]} 40. Ne3 {[%emt 0:00:43]} Nc3 {[%emt 0:00:47]} 41. h4 {[%emt 0:03:11]} Rb8 {[%emt 0:00:38]} 42. g4 {[%emt 0:00:23]} Rf8+ {[%emt 0:00:33]} 43. Nf5 {[%emt 0:00:21]} Kh7 {[%emt 0:00:29]} 44. h5 {[%emt 0:00:05]} Nd5 {[%emt 0:00:11]} 45. Rb3 {[%emt 0:02:34]} Ne7 {[%emt 0:00:07]} 46. Ke4 {[%emt 0:00:04]} Nxf5 {[%emt 0:00:02]} 47. gxf5 {[%emt 0:00:01]} Re8+ {[%emt 0:00:24]} 48. Kf4 {[%emt 0:00:15]} Bxf2 {[%emt 0:00:08]} 49. Nc4 {[%emt 0:00:10]} Rd8 {[%emt 0:00:37]} 50. Kf3 {[%emt 0:00:04]} Be1 {[%emt 0:00:28]} 51. Rb7 {[%emt 0:00:36]} Bc3 {[%emt 0:00:03]} 52. Ra7 {[%emt 0:00:15]} Rd5 {[%emt 0:00:33]} 53. Ne3 {[%emt 0:00:05]} Rd3 {[%emt 0:00:06]} 54. Ke2 {[%emt 0:00:07]} Rd2+ {[%emt 0:00:02]} 55. Kf3 {[%emt 0:00:05]} Bd4 {[%emt 0:01:18]} 56. Ng4 {[%emt 0:00:18]} c4 {[%emt 0:00:17]} 57. Rc7 {[%emt 0:00:08]} c3 {[%emt 0:00:08]} 58. f6 {[%emt 0:00:06]} Rd1 {[%emt 0:00:41]} 59. f7 {[%emt 0:00:11]} Rf1+ {[%emt 0:00:03]} 60. Ke2 {[%emt 0:00:03]} Rf4 {[%emt 0:00:02]} 61. Kd3 {[%emt 0:00:14]} Bf2 {[%emt 0:00:33]} 62. Nxf2 {[%emt 0:00:26]} Rxf2 {[%emt 0:00:02]} 63. Kxc3 {[%emt 0:00:02]} Kh6 {[%emt 0:00:01]} 64. Kd4 {[%emt 0:00:11]} Kxh5 {[%emt 0:00:02]} 65. Ke3 {[%emt 0:00:05]} Rf1 {[%emt 0:00:05]} 66. Ke4 {[%emt 0:00:03]} g5 {[%emt 0:00:03]} 67. Ke5 {[%emt 0:00:16]} Kg6 {[%emt 0:00:03]} 68. Rc6+ {[%emt 0:00:20]} Kxf7 {[%emt 0:00:02]} 69. Rxa6 {[%emt 0:00:01]} g4 {[%emt 0:00:02]} 70. Ra7+ {[%emt 0:00:08]} Kg6 {[%emt 0:00:03]} 71. Ra6+ {[%emt 0:00:08]} Kg5 {[%emt 0:00:01]} 72. Ra8 {[%emt 0:00:04]} Re1+ 73. Kd6 g3 {[%emt 0:00:09]} 74. a6 {[%emt 0:00:10]} Ra1 {[%emt 0:00:12]} 75. a7 {[%emt 0:00:13]} g2 {[%emt 0:00:10]} 76. Rg8+ {[%emt 0:00:04]} Kf4 {[%emt 0:00:01]} 77. Rxg2 {[%emt 0:00:04]} Rxa7 {Ke5+ Kxe5} 1/2-1/2

[Event "Kupreichik Memorial Rapid 2019"]
[Site "Minsk"]
[Date "2019.08.16"]
[Round "6.14"]
[White "Zhukovskij, Viktor"]
[Black "Veremeichik, Vladimir"]
[Result "0-1"]
[WhiteElo "2028"]
[BlackElo "2282"]
[Annotator "NA"]
[PlyCount "80"]
[EventDate "2019.08.15"]
[EventType "swiss"]
[EventCountry "BLR"]
[SourceTitle "playchess.com"]
[Source "ChessBase"]
[SourceQuality "1"]
[TimeControl "900+10"]

1. e4 {[%emt 0:00:00]} c5 {[%emt 0:00:00]} 2. Nf3 {[%emt 0:00:00]} Nc6 {[%emt 0:00:00]} 3. Bb5 {[%emt 0:00:00]} g6 {[%emt 0:00:00]} 4. Bxc6 {[%emt 0:00:00]} dxc6 {[%emt 0:00:00]} 5. d3 {[%emt 0:00:00]} Qc7 {[%emt 0:00:00]} 6. h3 {[%emt 0:00:41]} e5 {[%emt 0:00:00]} 7. Be3 {[%emt 0:00:11]} b6 {[%emt 0:01:04]} 8. Nbd2 {[%emt 0:00:35]} f6 {[%emt 0:00:25]} 9. a4 {[%emt 0:00:17]} a5 {[%emt 0:00:23]} 10. Nc4 {[%emt 0:00:28]} Be6 {[%emt 0:00:09]} 11. Nfd2 {[%emt 0:01:08]} h5 {[%emt 0:01:17]} 12. c3 {[%emt 0:02:24]} Rb8 {[%emt 0:00:56]} 13. O-O {[%emt 0:02:57]} g5 {[%emt 0:00:14]} 14. d4 {[%emt 0:00:04]} cxd4 {[%emt 0:00:10]} 15. cxd4 exd4 {[%emt 0:00:25]} 16. Bxd4 {[%emt 0:00:18]} c5 {[%emt 0:00:04]} 17. Bc3 {[%emt 0:01:05]} Rh6 {[%emt 0:03:52]} 18. Qe2 {[%emt 0:00:00]} Kf7 {[%emt 0:01:05]} 19. e5 {[%emt 0:00:00]} f5 {[%emt 0:00:25]} 20. Nd6+ {[%emt 0:00:02]} Kg6 {[%emt 0:00:49]} 21. Nf3 {[%emt 0:03:47]} Be7 {[%emt 0:00:23]} 22. h4 {[%emt 0:00:31]} g4 {[%emt 0:00:11]} 23. Ng5 {[%emt 0:00:20]} Bxg5 {[%emt 0:00:01]} 24. hxg5 {[%emt 0:00:02]} Rh7 {[%emt 0:00:01]} 25. Rad1 {[%emt 0:00:51]} Rd7 {[%emt 0:02:32]} 26. Nb5 {[%emt 0:00:28]} Qc6 {[%emt 0:00:41]} 27. Rd6 {[%emt 0:00:10]} Rxd6 {[%emt 0:00:07]} 28. exd6 {[%emt 0:00:02]} Qe4 {[%emt 0:00:02]} 29. Re1 {[%emt 0:01:33]} Qxe2 30. Rxe2 {[%emt 0:00:01]} Bc4 {[%emt 0:01:40]} 31. Rd2 {[%emt 0:01:07]} Rd8 {[%emt 0:00:43]} 32. Nc7 {[%emt 0:00:51]} Kxg5 {[%emt 0:00:35]} 33. d7 {[%emt 0:00:10]} Nf6 {[%emt 0:00:09]} 34. Rd6 {[%emt 0:00:20]} Ne4 {[%emt 0:00:04]} 35. Bd2+ {[%emt 0:00:14]} f4 {[%emt 0:00:10]} 36. Ne6+ {[%emt 0:00:11]} Bxe6 {[%emt 0:00:03]} 37. Rxe6 {[%emt 0:00:02]} Nxd2 {[%emt 0:00:02]} 38. Re7 {[%emt 0:00:08]} Kf6 {[%emt 0:00:21]} 39. Rh7 {[%emt 0:00:01]} Nc4 {[%emt 0:00:08]} 40. Kf1 {[%emt 0:00:19]} Ke6 {[%emt 0:00:13]} 0-1